[Event "DEM U14 2014"]
[Site "Magdeburg GER"]
[Date "2014.06.08"]
[Round "1"]
[White "Amler, Nick"]
[Black "Spitzl, Vinzent"]
[Result "0-1"]
[Termination "normal"]
[Board "24"]
[WhiteElo "1414"]
[BlackElo "1904"]
[PlyCount "90"]
[WhiteFideId "12930539"]
[BlackFideId "12901253"]
[EventCountry "GER"]
[EventRounds "9"]
[EventType "swiss"]
[EventDate "2014.06.07"]

1. e4 c5 2. Nf3 d6 3. d4 cxd4 4. Nxd4 Nf6 5. Nc3 a6 6. Be2 e5 7. Nf3 Be7 8. Bg5
Be6 9. O-O O-O 10. Qd2 Nc6 11. Rad1 Ne8 12. Bxe7 Qxe7 13. Nd5 Bxd5 14. Qxd5 Rd8
15. Qb3 Nf6 16. Bd3 Nh5 17. Qb6 Rc8 18. c3 Nf4 19. Rfe1 g6 20. Bf1 Rfd8 21. g3
Ne6 22. Qe3 Na5 23. b3 Rc7 24. Rd5 Nc6 25. Red1 Rdc8 26. Bh3 Rd8 27. Qd3 Nc5
28. Qe3 b5 29. Qh6 Nxe4 30. Qe3 Nf6 31. R5d2 d5 32. Qb6 Nb8 33. Qe3 e4 34. Nd4
Nc6 35. Ne2 Ne5 36. Nd4 Neg4 37. Qf4 h5 38. Bxg4 Nxg4 39. h3 Nf6 40. Qe3 Rdc8
41. Ne2 Kg7 42. Qg5 Rc5 43. Nd4 Kh7 44. Ne2 d4 45. Qf4 g5 0-1

[Event "DEM U14 2014"]
[Site "Magdeburg GER"]
[Date "2014.06.08"]
[Round "2"]
[White "Pallas, Sebastian"]
[Black "Vogel, Roven"]
[Result "1/2-1/2"]
[Termination "normal"]
[Board "1"]
[WhiteElo "2004"]
[BlackElo "2270"]
[WhiteClock "00:07:51"]
[BlackClock "00:36:40"]
[PlyCount "69"]
[WhiteFideId "12905453"]
[BlackFideId "12908088"]
[EventCountry "GER"]
[EventRounds "9"]
[EventType "swiss"]
[EventDate "2014.06.07"]

1. e4 c6 2. d4 d5 3. Nc3 dxe4 4. Nxe4 Nd7 5. Ng5 Ngf6 6. Bd3 e6 7. N1f3 Bd6 8.
Qe2 h6 9. Ne4 Nxe4 10. Qxe4 Nf6 11. Qe2 b6 12. Bd2 Bb7 13. O-O-O Qc7 14. Ne5
O-O-O 15. f4 Kb8 16. Kb1 c5 17. dxc5 Bxc5 18. Rhe1 g6 19. g3 Rc8 20. Bc3 Rhf8
21. Nc4 Nd7 22. Bg7 Rg8 23. Bxh6 Bf8 24. Bxf8 Rgxf8 25. Na3 Rfd8 26. Nb5 Qc5
27. Nc3 Nf6 28. Ne4 Nxe4 29. Bxe4 Bxe4 30. Qxe4 Qf2 31. Qe5+ Kb7 32. Qe4+ Kb8
33. Qe5+ Kb7 34. Qe4+ Kb8 35. Qe5+ 1/2-1/2

[Event "DEM U14 2014"]
[Site "Magdeburg GER"]
[Date "2014.06.08"]
[Round "2"]
[White "Bergauz, Noam"]
[Black "Ovsepyan, Arshak"]
[Result "0-1"]
[Termination "normal"]
[Board "2"]
[WhiteElo "2147"]
[BlackElo "2013"]
[WhiteClock "00:17:33"]
[BlackClock "00:34:10"]
[PlyCount "100"]
[WhiteFideId "12938033"]
[BlackFideId "24690236"]
[EventCountry "GER"]
[EventRounds "9"]
[EventType "swiss"]
[EventDate "2014.06.07"]

1. e4 e6 2. d4 d5 3. Nd2 Nc6 4. Ngf3 Nf6 5. e5 Nd7 6. Bb5 f6 7. Nb3 fxe5 8.
dxe5 Be7 9. Nfd4 Ndxe5 10. Qh5+ Kf8 11. O-O Nxd4 12. Nxd4 Nf7 13. Bf4 a6 14.
Be2 g6 15. Qf3 c5 16. Be5 Rg8 17. Nb3 Ke8 18. Bg3 c4 19. Nd2 h5 20. Bxc4 h4 21.
Bf4 g5 22. Be3 g4 23. Qe2 dxc4 24. Nxc4 b5 25. Nb6 Rb8 26. Nxc8 Rxc8 27. Bf4
Rc4 28. g3 Qc8 29. c3 h3 30. Rfe1 Qc6 31. Qf1 Rxf4 32. gxf4 g3 33. Qxh3 gxf2+
34. Kxf2 Bc5+ 35. Re3 Bxe3+ 36. Kxe3 Rg2 37. Rd1 Rxb2 38. Rd3 Qc5+ 39. Kf3 Rf2+
40. Kg3 Re2 41. Kh4 Nh6 42. a3 Qf8 43. Kg3 Qf5 44. Qxf5 Nxf5+ 45. Kh3 Re3+ 46.
Rxe3 Nxe3 47. Kg3 Nd5 48. h4 Nxc3 49. f5 exf5 50. Kf4 Nb1 0-1

[Event "DEM U14 2014"]
[Site "Magdeburg GER"]
[Date "2014.06.08"]
[Round "2"]
[White "Greßmann, Moritz"]
[Black "Schröder, Kevin"]
[Result "0-1"]
[Termination "normal"]
[Board "3"]
[WhiteElo "1963"]
[BlackElo "2178"]
[WhiteClock "00:01:05"]
[BlackClock "00:43:23"]
[PlyCount "78"]
[WhiteFideId "24695084"]
[BlackFideId "12929840"]
[EventCountry "GER"]
[EventRounds "9"]
[EventType "swiss"]
[EventDate "2014.06.07"]

1. e4 e5 2. Nf3 Nf6 3. Nc3 Nc6 4. d4 exd4 5. Nxd4 Bb4 6. Nxc6 bxc6 7. Bd3 d6 8.
O-O Ng4 9. Be2 Qh4 10. Bxg4 Qxg4 11. Qxg4 Bxg4 12. f3 Be6 13. Be3 Bxc3 14. bxc3
Kd7 15. Rfb1 c5 16. a4 Rhb8 17. a5 Kc6 18. Kf2 f5 19. Bf4 h6 20. h4 fxe4 21.
fxe4 Re8 22. e5 Bf5 23. exd6 cxd6 24. Rd1 Re6 25. Rd2 d5 26. Rad1 Re4 27. Bg3
Bg4 28. Rb1 Rf8+ 29. Kg1 Re3 30. Bb8 Rf7 31. c4 d4 32. a6 Re2 33. Rd3 Rxc2 34.
Rdb3 Bc8 35. Rg3 Bf5 36. Rf1 Rc3 37. Rxf5 Rxf5 38. Rxg7 Rxc4 39. Rxa7 Kb6 0-1

[Event "DEM U14 2014"]
[Site "Magdeburg GER"]
[Date "2014.06.08"]
[Round "2"]
[White "Kololli, Martin"]
[Black "Fieberg, Samuel"]
[Result "1/2-1/2"]
[Termination "normal"]
[Board "4"]
[WhiteElo "2056"]
[BlackElo "1978"]
[WhiteClock "00:32:07"]
[BlackClock "00:30:31"]
[PlyCount "53"]
[WhiteFideId "12936910"]
[BlackFideId "12901717"]
[EventCountry "GER"]
[EventRounds "9"]
[EventType "swiss"]
[EventDate "2014.06.07"]

1. e4 c5 2. c3 Nf6 3. e5 Nd5 4. d4 cxd4 5. Nf3 Nc6 6. cxd4 d6 7. Bc4 Nb6 8. Bb5
dxe5 9. Nxe5 Bd7 10. Nxd7 Qxd7 11. Nc3 e6 12. O-O Rd8 13. Be3 Be7 14. Qg4 O-O
15. Rad1 f5 16. Qg3 Nd5 17. f4 Bf6 18. Bf2 a6 19. Ba4 b5 20. Bb3 Rfe8 21. Rfe1
Ncb4 22. Ne2 a5 23. a3 a4 24. axb4 axb3 25. Nc1 Qd6 26. Nxb3 Nxb4 27. Nc5
1/2-1/2

[Event "DEM U14 2014"]
[Site "Magdeburg GER"]
[Date "2014.06.08"]
[Round "2"]
[White "Nguyen, Huy Dat"]
[Black "Höglauer, Patrick"]
[Result "0-1"]
[Termination "normal"]
[Board "5"]
[WhiteElo "1921"]
[BlackElo "2069"]
[WhiteClock "00:24:11"]
[BlackClock "00:34:16"]
[PlyCount "70"]
[WhiteFideId "12923486"]
[BlackFideId "1270548"]
[EventCountry "GER"]
[EventRounds "9"]
[EventType "swiss"]
[EventDate "2014.06.07"]

1. e4 c6 2. d4 d5 3. Nc3 dxe4 4. Nxe4 Bf5 5. Ng3 Bg6 6. h4 h6 7. Nf3 Nd7 8. h5
Bh7 9. Bd3 Bxd3 10. Qxd3 e6 11. Bd2 Ngf6 12. O-O-O Be7 13. Qe2 Qc7 14. Ne5 Nxe5
15. dxe5 Nd5 16. f4 O-O-O 17. Ne4 Qb6 18. Rh3 Qd4 19. Rd3 Qc4 20. Nc3 Rd7 21.
Qe4 Qxe4 22. Nxe4 Rhd8 23. g3 c5 24. c4 Nxf4 25. Rxd7 Ne2+ 26. Kc2 Rxd7 27. Rf1
Nd4+ 28. Kc1 Bf8 29. Be3 Nc6 30. Bf4 Rd4 31. Nd2 Nb4 32. Be3 Rd7 33. Bf4 Nxa2+
34. Kc2 Nb4+ 35. Kc3 35... Rd3# {Kd4} 0-1

[Event "DEM U14 2014"]
[Site "Magdeburg GER"]
[Date "2014.06.08"]
[Round "2"]
[White "Gungl, Theo"]
[Black "Herbrig, Alexander"]
[Result "1/2-1/2"]
[Termination "normal"]
[Board "6"]
[WhiteElo "2066"]
[BlackElo "1886"]
[WhiteClock "00:29:47"]
[BlackClock "00:01:48"]
[PlyCount "82"]
[WhiteFideId "24695653"]
[BlackFideId "12952044"]
[EventCountry "GER"]
[EventRounds "9"]
[EventType "swiss"]
[EventDate "2014.06.07"]

1. e4 c5 2. Nf3 e6 3. d4 cxd4 4. Nxd4 a6 5. Nc3 Qc7 6. Bd3 Nf6 7. O-O Nc6 8.
Nxc6 bxc6 9. f4 d5 10. Qe2 Be7 11. e5 Nd7 12. Nd1 Nc5 13. Be3 Nxd3 14. cxd3 a5
15. Rc1 Ba6 16. Qc2 O-O 17. Rf3 Rfc8 18. Bc5 Rab8 19. d4 Bxc5 20. Qxc5 Be2 21.
Rf2 Bxd1 22. Rxd1 Rb5 23. Qc3 c5 24. Rc1 a4 25. Rfc2 c4 26. Rf1 Rcb8 27. f5 Qb6
28. fxe6 fxe6 29. Rff2 a3 30. Qxa3 Qxd4 31. Qe7 h6 32. Qxe6+ Kh8 33. Rcd2 Qe3
34. Rde2 Qc5 35. Qd6 Qa7 36. Kf1 c3 37. b3 Qd4 38. Rf8+ Kh7 39. Rxb8 Qf4+ 40.
Rf2 Qc1+ 41. Ke2 Qc2+ 1/2-1/2

[Event "DEM U14 2014"]
[Site "Magdeburg GER"]
[Date "2014.06.08"]
[Round "2"]
[White "Langer, Simon"]
[Black "Buckels, Valentin"]
[Result "0-1"]
[Termination "normal"]
[Board "7"]
[WhiteElo "1881"]
[BlackElo "2102"]
[WhiteClock "00:23:40"]
[BlackClock "01:23:38"]
[PlyCount "104"]
[WhiteFideId "12950386"]
[BlackFideId "12942766"]
[EventCountry "GER"]
[EventRounds "9"]
[EventType "swiss"]
[EventDate "2014.06.07"]

1. e4 e5 2. Nf3 Nc6 3. d4 exd4 4. Nxd4 Nf6 5. Nxc6 bxc6 6. e5 Qe7 7. Qe2 Nd5 8.
c4 Ba6 9. b3 g5 10. g3 Bg7 11. Bb2 O-O-O 12. Bg2 Rde8 13. O-O Bxe5 14. Qxe5
Qxe5 15. Bxe5 Rxe5 16. cxd5 Bxf1 17. Kxf1 cxd5 18. Nd2 g4 19. f4 Re3 20. Re1
Rhe8 21. Rxe3 Rxe3 22. Kf2 Rc3 23. Ke2 c6 24. Kd1 a5 25. Nb1 Re3 26. Kd2 Re6
27. h3 gxh3 28. Bxh3 Rh6 29. Bf1 Rg6 30. Bd3 Rxg3 31. Bxh7 Rf3 32. f5 Kd8 33.
f6 Rxf6 34. Nc3 Rf2+ 35. Ne2 Ke7 36. Bd3 Kd6 37. Ke3 Rh2 38. Kd4 c5+ 39. Kc3 a4
40. Nc1 axb3 41. axb3 Kc6 42. Ne2 d4+ 43. Kd2 d5 44. Kd1 Kd6 45. Bb5 Ke5 46.
Kd2 f5 47. Bd3 f4 48. Ke1 f3 49. Nc1 Kf4 50. Bf1 Ke3 51. Nd3 f2+ 52. Kd1 Rh1
0-1

[Event "DEM U14 2014"]
[Site "Magdeburg GER"]
[Date "2014.06.08"]
[Round "2"]
[White "Kololli, Kevin"]
[Black "Rätzke von Stoyentin, Steffen"]
[Result "1-0"]
[Termination "normal"]
[Board "8"]
[WhiteElo "2030"]
[BlackElo "1882"]
[WhiteClock "01:18:45"]
[BlackClock "00:45:42"]
[PlyCount "51"]
[WhiteFideId "12936863"]
[BlackFideId "12907502"]
[EventCountry "GER"]
[EventRounds "9"]
[EventType "swiss"]
[EventDate "2014.06.07"]

1. e4 e5 2. f4 d5 3. exd5 c6 4. d3 cxd5 5. fxe5 Bc5 6. Nf3 Nc6 7. b4 Bd4 8. c3
Bxe5 9. b5 Qe7 10. Qe2 Nb4 11. Nxe5 f6 12. Ba3 fxe5 13. Bxb4 Qg5 14. Nd2 a5 15.
bxa6 Rxa6 16. Nf3 Qf6 17. Nxe5 Re6 18. d4 Ne7 19. Qb5+ Nc6 20. O-O-O Qf2 21.
Kb1 Re7 22. Bxe7 Kxe7 23. Bd3 Nxe5 24. Rhe1 Bd7 25. Rxe5+ Kd8 26. Rxd5 1-0

[Event "DEM U14 2014"]
[Site "Magdeburg GER"]
[Date "2014.06.08"]
[Round "2"]
[White "Spitzl, Vinzent"]
[Black "Lagunow, Raphael"]
[Result "0-1"]
[Termination "normal"]
[Board "9"]
[WhiteElo "1904"]
[BlackElo "2066"]
[PlyCount "96"]
[WhiteFideId "12901253"]
[BlackFideId "24652644"]
[EventCountry "GER"]
[EventRounds "9"]
[EventType "swiss"]
[EventDate "2014.06.07"]

1. e4 c5 2. Nf3 Nc6 3. d4 cxd4 4. Nxd4 g6 5. c4 Bg7 6. Nc2 d6 7. Be2 Nh6 8. O-O
f5 9. exf5 Nxf5 10. Nc3 O-O 11. Bf3 Be6 12. Bd5 Bxd5 13. Qxd5+ Kh8 14. Bd2 Rc8
15. Rad1 Ne5 16. b3 Qd7 17. Qe4 Qc6 18. Qxc6 bxc6 19. Ne3 Nd4 20. Be1 Ndf3+ 21.
gxf3 Nxf3+ 22. Kg2 Nxe1+ 23. Rfxe1 Bxc3 24. Re2 Rf4 25. Nc2 Rcf8 26. Rd3 Be5
27. Nb4 Rg4+ 28. Kh1 Rc8 29. f3 Rh4 30. Rde3 a5 31. Nd3 Bf6 32. Nf2 a4 33. Ne4
axb3 34. axb3 Bd4 35. Rd3 c5 36. Ra2 Be5 37. Re3 Bf4 38. Rd3 Rh3 39. Nc3 Rf8
40. Nd5 Be5 41. Nxe7 Rfxf3 42. Rd1 Rxb3 43. Nc6 Bf4 44. Nd8 Rb8 45. Nf7+ Kg8
46. Nxd6 Rd8 47. Ra6 Rxh2+ 48. Kg1 Rxd6 0-1

[Event "DEM U14 2014"]
[Site "Magdeburg GER"]
[Date "2014.06.08"]
[Round "2"]
[White "Kitze, Alexander"]
[Black "Grimm, Ling Leander"]
[Result "1-0"]
[Termination "normal"]
[Board "10"]
[WhiteElo "2058"]
[BlackElo "1700"]
[PlyCount "85"]
[WhiteFideId "12914827"]
[BlackFideId "12968277"]
[EventCountry "GER"]
[EventRounds "9"]
[EventType "swiss"]
[EventDate "2014.06.07"]

1. e4 c5 2. Nf3 Nc6 3. d4 cxd4 4. Nxd4 g6 5. Nc3 Bg7 6. Be3 Nf6 7. Bc4 O-O 8.
Bb3 a5 9. O-O a4 10. Nxa4 Nxe4 11. Nb5 Ra6 12. Qe2 d5 13. Rad1 Be6 14. c4 Na5
15. cxd5 Bd7 16. Bc2 Bxb5 17. Qxb5 Nd6 18. Qb4 Nac4 19. Bd4 Bh6 20. b3 Qa5 21.
Qxa5 Nxa5 22. Nc5 Raa8 23. Nd7 Rfd8 24. Nb6 Rab8 25. Bd3 Rbc8 26. Nxc8 Rxc8 27.
Bb6 Ra8 28. Bc7 b5 29. Bxd6 exd6 30. Bxb5 Rb8 31. Bc4 Rb4 32. a3 Rb6 33. Rb1 f5
34. Rfe1 Kf7 35. g3 Bd2 36. Red1 Bh6 37. f4 g5 38. fxg5 Bxg5 39. Rf1 Kg6 40.
Bd3 Be3+ 41. Kg2 Rxb3 42. Rxb3 Nxb3 43. Bxf5+ 1-0

[Event "DEM U14 2014"]
[Site "Magdeburg GER"]
[Date "2014.06.08"]
[Round "2"]
[White "Tiedemann, Fin Niklas"]
[Black "Schmidek, Emil"]
[Result "0-1"]
[Termination "normal"]
[Board "11"]
[WhiteElo "1618"]
[BlackElo "2038"]
[PlyCount "110"]
[WhiteFideId "12936936"]
[BlackFideId "12908150"]
[EventCountry "GER"]
[EventRounds "9"]
[EventType "swiss"]
[EventDate "2014.06.07"]

1. e4 e5 2. Nc3 Nf6 3. f4 d5 4. fxe5 Nxe4 5. d3 Ng5 6. Bxg5 Qxg5 7. Nf3 Qe3+ 8.
Qe2 Qxe2+ 9. Bxe2 Be6 10. O-O Nd7 11. Nb5 Rc8 12. c3 a6 13. Nbd4 Bc5 14. Rae1
O-O 15. Kh1 Bxd4 16. Nxd4 Nxe5 17. Nxe6 fxe6 18. d4 Nc4 19. Bxc4 dxc4 20. Rxf8+
Rxf8 21. Kg1 Rf6 22. Re5 b6 23. d5 Kf7 24. dxe6+ Rxe6 25. Rxe6 Kxe6 26. Kf2 Ke5
27. Ke3 h5 28. Kf3 g5 29. g4 hxg4+ 30. Kxg4 Kf6 31. Kf3 Kf5 32. h3 Kg6 33. Ke4
Kh5 34. Kf5 Kh4 35. Kf6 Kxh3 36. Kxg5 Kg3 37. Kf5 Kf3 38. Ke5 Ke3 39. Kd5 Kd3
40. a4 a5 41. Kc6 Kc2 42. Kxc7 Kxb2 43. Kxb6 Kxc3 44. Kxa5 Kb3 45. Kb5 c3 46.
a5 c2 47. Kb6 c1=Q 48. Kb7 Kb4 49. a6 Kb5 50. a7 Qc6+ 51. Kb8 Qe8+ 52. Kb7 Qd7+
53. Kb8 Ka6 54. a8=Q+ Kb6 55. Qa6+ Kxa6 0-1

[Event "DEM U14 2014"]
[Site "Magdeburg GER"]
[Date "2014.06.08"]
[Round "2"]
[White "Perekhozhuk, Maksym"]
[Black "Dallinger, Moritz"]
[Result "1/2-1/2"]
[Termination "normal"]
[Board "12"]
[WhiteElo "1759"]
[BlackElo "1544"]
[PlyCount "98"]
[WhiteFideId "12914860"]
[BlackFideId "12910864"]
[EventCountry "GER"]
[EventRounds "9"]
[EventType "swiss"]
[EventDate "2014.06.07"]

1. e4 c5 2. Nf3 a6 3. c3 Nf6 4. d3 e6 5. Be2 Qc7 6. O-O b5 7. Nbd2 Bb7 8. e5
Nd5 9. Ne4 d6 10. d4 cxd4 11. cxd4 dxe5 12. dxe5 Nc6 13. Re1 Bb4 14. Bd2 Bxd2
15. Nexd2 O-O 16. Bd3 Nde7 17. Rc1 Qd7 18. Bb1 Rfd8 19. Qc2 Ng6 20. Rcd1 Qc7
21. Nb3 Rxd1 22. Rxd1 Rd8 23. Rxd8+ Qxd8 24. Nc5 Qc8 25. Nxb7 Qxb7 26. Qe2 Qc7
27. Qc2 Qd7 28. h4 h6 29. Qe4 Kf8 30. h5 Nge7 31. Qh7 a5 32. Bd3 b4 33. Bb5 Qd5
34. Ba4 Nxe5 35. Nxe5 Qxe5 36. Qd3 Nd5 37. Qb5 Ke7 38. Qd7+ Kf6 39. Qd8+ Ne7
40. Qd1 Qxb2 41. Qf3+ Nf5 42. g4 Qxa2 43. Bd1 a4 44. gxf5 exf5 45. Qc6+ Kg5 46.
Qg2+ Kf6 47. Qc6+ Kg5 48. Qg2+ Kf6 49. Qc6+ Kg5 1/2-1/2

[Event "DEM U14 2014"]
[Site "Magdeburg GER"]
[Date "2014.06.08"]
[Round "2"]
[White "Martin, Julian"]
[Black "Muckle, Julius"]
[Result "1-0"]
[Termination "normal"]
[Board "13"]
[WhiteElo "1952"]
[BlackElo "1938"]
[PlyCount "169"]
[WhiteFideId "12941000"]
[BlackFideId "12942430"]
[EventCountry "GER"]
[EventRounds "9"]
[EventType "swiss"]
[EventDate "2014.06.07"]

1. e4 e6 2. d4 d5 3. Nd2 dxe4 4. Nxe4 Bd7 5. Nf3 Bc6 6. Bd3 Nd7 7. c3 Ngf6 8.
Bg5 Be7 9. Nxf6+ Nxf6 10. O-O Bxf3 11. Qxf3 c6 12. Rfe1 Qd5 13. Qxd5 Nxd5 14.
Bd2 O-O 15. a3 Bd6 16. g3 Rfd8 17. Rad1 Rac8 18. Kg2 b5 19. Be2 Nb6 20. Bc1 Nc4
21. a4 a6 22. b3 Nb6 23. axb5 axb5 24. Bb2 Ra8 25. Ra1 Nd5 26. Bf3 Be7 27. Red1
Bf6 28. Be4 g6 29. h4 h5 30. Kf1 b4 31. cxb4 Nxb4 32. Rdc1 Rxa1 33. Bxa1 Bxd4
34. Bxd4 Rxd4 35. Bxc6 Nxc6 36. Rxc6 Rb4 37. Rc3 Kf8 38. Ke2 Ke7 39. Rd3 e5 40.
Kd2 e4 41. Re3 Kd6 42. Kc3 Kc5 43. Re2 f5 44. Rd2 Rb6 45. Rd8 f4 46. b4+ Kb5
47. Rd5+ Ka6 48. Re5 Rf6 49. Kd4 e3 50. fxe3 f3 51. Ra5+ Kb6 52. Ra1 f2 53. Rf1
Kb5 54. e4 Kxb4 55. Ke3 Kc5 56. Rxf2 Re6 57. Rd2 Rf6 58. Rd5+ Kc4 59. Rg5 Re6
60. Rd5 Rf6 61. Re5 Ra6 62. Kf4 Ra3 63. Re6 Kd4 64. Rxg6 Ra1 65. Rd6+ Kc4 66.
Rd5 Rf1+ 67. Ke3 Re1+ 68. Kf3 Rf1+ 69. Ke2 Rf7 70. Rxh5 Kd4 71. e5 Rg7 72. Kf3
Rf7+ 73. Kg4 Ke4 74. Rg5 Rh7 75. e6 Re7 76. Rg6 Ke5 77. Kg5 Rh7 78. h5 Ra7 79.
Kh6 Kf5 80. g4+ Ke4 81. g5 Re7 82. Rf6 Re8 83. Kg7 Re7+ 84. Rf7 Rxe6 85. h6 1-0

[Event "DEM U14 2014"]
[Site "Magdeburg GER"]
[Date "2014.06.08"]
[Round "2"]
[White "Poghosyan, Tigran"]
[Black "Alekhanov, Jannis"]
[Result "1-0"]
[Termination "normal"]
[Board "14"]
[WhiteElo "2026"]
[BlackElo "1801"]
[PlyCount "51"]
[WhiteFideId "12909319"]
[BlackFideId "12921238"]
[EventCountry "GER"]
[EventRounds "9"]
[EventType "swiss"]
[EventDate "2014.06.07"]

1. e4 c5 2. Nf3 d6 3. d4 cxd4 4. Qxd4 a6 5. h3 Nc6 6. Qe3 Qc7 7. c4 g6 8. Be2
Bg7 9. O-O Be6 10. Ng5 Nd4 11. Nxe6 Nxe6 12. Rd1 Nc5 13. Nc3 e6 14. Qg3 Be5 15.
Bf4 Nf6 16. Qe3 O-O-O 17. Bg5 Rd7 18. Bf3 h5 19. b4 Ncxe4 20. Nxe4 Nxe4 21.
Bxe4 Bxa1 22. Rxa1 Kb8 23. Rc1 Rc8 24. Bf3 b5 25. c5 Ka7 26. cxd6+ 1-0

[Event "DEM U14 2014"]
[Site "Magdeburg GER"]
[Date "2014.06.08"]
[Round "2"]
[White "Stein, Robert"]
[Black "Abdurakhimov, Peter"]
[Result "1-0"]
[Termination "normal"]
[Board "15"]
[WhiteElo "1891"]
[BlackElo "1784"]
[PlyCount "65"]
[WhiteFideId "12921084"]
[BlackFideId "12979694"]
[EventCountry "GER"]
[EventRounds "9"]
[EventType "swiss"]
[EventDate "2014.06.07"]

1. e4 c5 2. Nf3 e6 3. d4 cxd4 4. Nxd4 a6 5. Bd3 Qc7 6. O-O Nf6 7. Qe2 d6 8. c4
b6 9. Nc3 Bb7 10. Bd2 Nbd7 11. f4 Be7 12. Kh1 Nc5 13. Bc2 O-O 14. Rae1 Rad8 15.
Rf3 Rfe8 16. Rh3 g6 17. Nf3 d5 18. cxd5 exd5 19. e5 Nfe4 20. Nd4 Nxd2 21. Qxd2
Ne4 22. Qe2 Bc5 23. Nxe4 dxe4 24. Nb3 Bb4 25. Rf1 f5 26. exf6 Rc8 27. Nd4 Qd7
28. Bb3+ Bd5 29. f5 Bxb3 30. fxg6 Bc4 31. f7+ Bxf7 32. gxf7+ Kh8 33. Qh5 1-0

[Event "DEM U14 2014"]
[Site "Magdeburg GER"]
[Date "2014.06.08"]
[Round "2"]
[White "Reuker, Jari"]
[Black "Visvikis, Christos"]
[Result "1-0"]
[Termination "normal"]
[Board "16"]
[WhiteElo "1867"]
[BlackElo "1723"]
[PlyCount "43"]
[WhiteFideId "12909300"]
[BlackFideId "12967955"]
[EventCountry "GER"]
[EventRounds "9"]
[EventType "swiss"]
[EventDate "2014.06.07"]

1. e4 c5 2. Nf3 d6 3. d4 cxd4 4. Nxd4 Nf6 5. Nc3 a6 6. Bg5 e6 7. f4 b5 8. e5
dxe5 9. fxe5 Qc7 10. exf6 Qe5+ 11. Be2 Qxg5 12. O-O Ra7 13. Nf3 Qxf6 14. Ne4
Qd8 15. Qxd8+ Kxd8 16. Ne5 f6 17. Rad1+ Ke8 18. Bh5+ g6 19. Nxf6+ Ke7 20. Nxh7
gxh5 21. Rf7+ Ke8 22. Nf6# 1-0

[Event "DEM U14 2014"]
[Site "Magdeburg GER"]
[Date "2014.06.08"]
[Round "2"]
[White "Killgus, Leonard"]
[Black "Nothnagel, Marian Can"]
[Result "0-1"]
[Termination "normal"]
[Board "17"]
[WhiteElo "1732"]
[BlackElo "1790"]
[PlyCount "40"]
[WhiteFideId "12922021"]
[BlackFideId "12921530"]
[EventCountry "GER"]
[EventRounds "9"]
[EventType "swiss"]
[EventDate "2014.06.07"]

1. e4 e5 2. Nf3 d6 3. d4 exd4 4. Qxd4 Nf6 5. Nc3 Be7 6. Be3 O-O 7. Bc4 Nc6 8.
Qd2 a6 9. h3 b5 10. Bd5 Nxd5 11. Nxd5 Re8 12. Nxe7+ Qxe7 13. O-O-O Qxe4 14. Ng5
Qg6 15. h4 h6 16. h5 Qf6 17. Nf3 Bg4 18. Rdg1 Re4 19. Qd5 Rc4 20. Nd2 Rxc2+ 0-1

[Event "DEM U14 2014"]
[Site "Magdeburg GER"]
[Date "2014.06.08"]
[Round "2"]
[White "Rieß, Alexander"]
[Black "Schnabel, Bennett"]
[Result "0-1"]
[Termination "normal"]
[Board "18"]
[WhiteElo "1856"]
[BlackElo "1715"]
[PlyCount "84"]
[WhiteFideId "12953326"]
[BlackFideId "12943290"]
[EventCountry "GER"]
[EventRounds "9"]
[EventType "swiss"]
[EventDate "2014.06.07"]

1. d4 f5 2. g3 g6 3. Bg2 Nf6 4. Nf3 Bg7 5. O-O O-O 6. b3 d6 7. Bb2 c6 8. c4 Na6
9. Nbd2 h6 10. e3 g5 11. Qe2 Qe8 12. a3 Qh5 13. Rfe1 Nc7 14. Rac1 Bd7 15. b4
Rae8 16. Qd3 Ne4 17. Qc2 Nxd2 18. Nxd2 e5 19. d5 f4 20. exf4 gxf4 21. Qb3 fxg3
22. hxg3 Rf7 23. Ne4 Qg6 24. dxc6 Bxc6 25. Rcd1 Bxe4 26. Bxe4 Qf6 27. Qe3 Ref8
28. Re2 b6 29. Qd2 Qe6 30. Qd3 Rf6 31. Kg2 Qf7 32. Rdd2 h5 33. Rc2 Kh8 34. f3
Bh6 35. Rf2 Qg7 36. Kh2 h4 37. gxh4 Bf4+ 38. Kh1 Rh6 39. Rg2 Rxh4+ 40. Kg1 Qh6
41. Rce2 Rh1+ 42. Kf2 Qh4+ 0-1

[Event "DEM U14 2014"]
[Site "Magdeburg GER"]
[Date "2014.06.08"]
[Round "2"]
[White "Jurga, Jonas Vincent"]
[Black "Ramien, David"]
[Result "0-1"]
[Termination "normal"]
[Board "19"]
[WhiteElo "1722"]
[BlackElo "1883"]
[PlyCount "68"]
[WhiteFideId "12968013"]
[BlackFideId "12948241"]
[EventCountry "GER"]
[EventRounds "9"]
[EventType "swiss"]
[EventDate "2014.06.07"]

1. e4 e5 2. Nf3 Nc6 3. Bb5 g6 4. d4 exd4 5. Bg5 Be7 6. Bxe7 Qxe7 7. O-O Qb4 8.
Bxc6 dxc6 9. Qxd4 Qxd4 10. Nxd4 Nf6 11. f3 O-O 12. c4 Rd8 13. Nc2 Be6 14. b3 a5
15. Nc3 Rd2 16. Rac1 Nh5 17. Rfd1 Rad8 18. Ne3 R2d3 19. Rxd3 Rxd3 20. Kf2 f5
21. exf5 gxf5 22. Nxf5 Bxf5 23. g4 Bg6 24. gxh5 Bxh5 25. Ne4 Rxf3+ 26. Kg2 Rf4
27. Nc5 b6 28. Ne6 Re4 29. Nxc7 Re2+ 30. Kh3 Rxa2 31. Na8 Ra3 32. Kh4 Bg6 33.
Rc3 a4 34. Nxb6 axb3 0-1

[Event "DEM U14 2014"]
[Site "Magdeburg GER"]
[Date "2014.06.08"]
[Round "2"]
[White "Gutschenreiter, Dorian"]
[Black "Lai Hop, Long"]
[Result "0-1"]
[Termination "normal"]
[Board "20"]
[WhiteElo "1855"]
[BlackElo "1660"]
[PlyCount "60"]
[WhiteFideId "12956996"]
[BlackFideId "12942707"]
[EventCountry "GER"]
[EventRounds "9"]
[EventType "swiss"]
[EventDate "2014.06.07"]

1. e4 c5 2. Nc3 e6 3. f4 d5 4. d3 Nc6 5. Nf3 Nge7 6. g3 g6 7. Bg2 Bg7 8. O-O
O-O 9. h3 a6 10. a4 Rb8 11. e5 b5 12. axb5 axb5 13. b3 Qb6 14. Kh2 Rd8 15. g4
Ba6 16. Qe2 c4 17. bxc4 bxc4 18. Ba3 d4 19. Ne4 cxd3 20. cxd3 Nd5 21. f5 Nxe5
22. Nxe5 Bxe5+ 23. Kh1 Nf4 24. Nf6+ Bxf6 25. Rxf4 Bg5 26. Rff1 Re8 27. fxg6
hxg6 28. Be4 Bb7 29. Qf2 f5 30. gxf5 exf5 0-1

[Event "DEM U14 2014"]
[Site "Magdeburg GER"]
[Date "2014.06.08"]
[Round "2"]
[White "Schamber, Dennis"]
[Black "Müller, Elias"]
[Result "0-1"]
[Termination "normal"]
[Board "21"]
[WhiteElo "1560"]
[BlackElo "1686"]
[PlyCount "62"]
[WhiteFideId "12952176"]
[BlackFideId "12917133"]
[EventCountry "GER"]
[EventRounds "9"]
[EventType "swiss"]
[EventDate "2014.06.07"]

1. d4 Nf6 2. c4 e6 3. Nf3 c5 4. Nc3 a6 5. d5 exd5 6. cxd5 d6 7. e4 b5 8. Bd3 g6
9. O-O Bg7 10. Nd2 O-O 11. f4 Bg4 12. Nf3 Re8 13. h3 Bxf3 14. Qxf3 Nbd7 15. Bd2
c4 16. Bc2 Nc5 17. Rae1 Nfd7 18. Kh1 Rb8 19. g4 b4 20. Nd1 b3 21. axb3 cxb3 22.
Bb1 Na4 23. f5 Ne5 24. Qf2 Nc4 25. f6 Qxf6 26. Qxf6 Bxf6 27. Rxf6 Nxd2 28. Bd3
Nc5 29. Re2 Ncxe4 30. Bxe4 Nxe4 31. Re3 Nxf6 0-1

[Event "DEM U14 2014"]
[Site "Magdeburg GER"]
[Date "2014.06.08"]
[Round "2"]
[White "Hofmann, Rares"]
[Black "Nguyen, Anh Van"]
[Result "1-0"]
[Termination "normal"]
[Board "22"]
[WhiteElo "1890"]
[BlackElo "1610"]
[PlyCount "41"]
[WhiteFideId "12976440"]
[BlackFideId "12908223"]
[EventCountry "GER"]
[EventRounds "9"]
[EventType "swiss"]
[EventDate "2014.06.07"]

1. e4 c5 2. Nf3 d6 3. d4 cxd4 4. Nxd4 Nf6 5. Nc3 g6 6. Bc4 Bg7 7. Bb3 O-O 8. f3
Nc6 9. Be3 Na5 10. Qd2 Nxb3 11. axb3 a6 12. Bh6 Qb6 13. O-O-O Bd7 14. h4 a5 15.
Bxg7 Kxg7 16. h5 a4 17. hxg6 fxg6 18. Qh6+ Kg8 19. Nd5 Qc5 20. Nxf6+ Kf7 21.
Nxd7 1-0